000 00304nam a22001337a 4500
008 170331b xxu||||| |||| 00| 0 eng d
020 _a9781451112481
041 _aeng
080 _a61
100 _a4
101 _aSHM
245 _aPHOTO ATLAS FOR MEDICATION ADMINISTRATION
_cLYNN, P
942 _2udc
_cBK
999 _c9290
_d9290